000 01157nam a2200217Ia 4500
999 _c39490
_d39490
001 6086
003 GE_BSU
005 20190924165849.0
008 181216s1937||||ge |||||||||||||| ||geo||
040 _cGE_BSU
041 _ageo
080 _a821.353.1-11 ა-85
100 _aარჩილი (ბაგრატიონი)
_94291
245 _aთხზულებათა სრული კრებული :
_bტომი მეორე არჩილიანი გაბაასება თეიმურაზისა და რუსთაველისა /
_cარჩილი (ბაგრატიონი) ; პ/მგ. რედ. გ. ხარატიშვილი.
264 _aტფილისი :
_bსაქართველოს სახელმწიფო მუზეუმი ;
_c1937.
300 _a200 გვ. ;
_c24 სმ.
653 _aარჩილიანი
653 _aგაბაასება თეიმურაზისა და რუსთაველისა
700 _aხარატიშვილი, გ.
_eრედაქტორი
_94298
942 _cBK
_2udc